[Event "Nordic Championship"]
[Site "Vaxjo"]
[Date "2017.06.27"]
[Round "2.25"]
[White "Rishovd, Svein"]
[Black "Helin, Mikael"]
[Result "1-0"]
[WhiteElo "2092"]
[BlackElo "1861"]

1.d4 d6 2.Nf3 Nd7 3.c4 g6 4.Nc3 Bg7 5.g3 Ngf6 6.Bg2 O-O 7.O-O h6 8.b3 c6 
9.Bb2 Qc7 10.e4 e5 11.Qc2 a6 12.Rad1 Re8 13.Rfe1 Rb8 14.Ba3 c5 15.dxc5 
dxc5 16.Qd2 Kh7 17.Nh4 b5 18.Nd5 Nxd5 19.Qxd5 Qa5 20.Qxf7 Rf8 21.Qxg6+ Kh8
22.Bc1 Rb6 23.Qg4 Nf6 24.Qe2 Ng8 25.Qd2 b4 26.a3 Rbf6 27.axb4 cxb4 28.f3 
Ne7 29.Bb2 Kh7 30.Qe3 Be6 31.Ra1 Qc7 32.Rxa6 Nc6 33.Qc5 Bc8 34.Raa1 R8f7 
35.Rad1 Bf8 36.Qe3 Na5 37.Rd5 Nc6 38.Qd3 Be6 39.f4 Qa7+ 40.Kh1 Kg8 41.Bxe5
Nxe5 42.Rxe5 Rd7 43.Qc2 Bc5 44.Rd1 Bd4 45.Rxe6 Rxe6 46.Bh3 Rde7 47.Bxe6+ 
Rxe6 48.Nf5 Bc5 49.Qd3 Re8 50.Qd5+ Kh8 51.Nxh6 Re7 52.Nf5 Rf7 53.Qe5+ Kh7 
54.Qe6 Bf8 55.Nd6 Re7 56.Qf5+ Kg8 57.Qg4+ Kh8 58.Qh5+ Kg8 59.Qf3 Qa2 60.e5
Rh7 61.h4 Be7 62.Nf5 Bf8 63.e6 Qc2 64.e7 Qxf5 65.e8=Q Re7 66.Qec6 Qh3+ 67.
Kg1 Rg7 68.Qcd5+ Kh8 69.Qfh5+ Rh7 70.Qde5+ Kg8 71.Qg6+ Rg7 72.Qexg7+ 1-0

[Event "Nordic Championship"]
[Site "Vaxjo"]
[Date "2017.06.27"]
[Round "2.26"]
[White "Halvarsson, Peter"]
[Black "Carlsson, Ludvig"]
[Result "1/2-1/2"]
[WhiteElo "1889"]
[BlackElo "2088"]

1.e4 e5 2.Nc3 Nf6 3.f4 d5 4.fxe5 Nxe4 5.Qf3 Nxc3 6.bxc3 Qh4+ 7.g3 Qe4+ 8.
Qxe4 dxe4 9.Bg2 Nc6 10.Bxe4 Nxe5 11.d4 Nc4 12.Rb1 Nd6 13.Bg2 Be6 14.a4 
O-O-O 15.Bf4 b6 16.a5 Nc4 17.axb6 axb6 18.Ne2 Bd6 19.Kf2 Bf5 20.Ra1 Bxc2 
21.Bxd6 cxd6 22.Ra8+ Kd7 23.Ra7+ Kc8 24.Ra8+ Kc7 25.Ra7+ Kc8 26.Ra8+ Kc7 
1/2-1/2

[Event "Nordic Championship"]
[Site "Vaxjo"]
[Date "2017.06.27"]
[Round "2.27"]
[White "Petersson, Baldur Teodor"]
[Black "Sukhayanudit, Apichai"]
[Result "1-0"]
[WhiteElo "2086"]
[BlackElo "1819"]

1.e4 e6 2.b3 Qh4 3.Nc3 Bc5 4.g3 Qe7 5.Nf3 d5 6.e5 d4 7.Ne4 Bb6 8.Bb2 Qd7 
9.Nh4 Qd5 10.Qg4 Qxe5 11.Nf3 Qf5 12.Qxg7 Qxf3 13.Bd3 f5 14.Qxh8 fxe4 15.
Qxg8+ Qf8 16.Qxf8+ Kxf8 17.Bxe4 h6 18.O-O-O Nd7 19.f4 c6 20.f5 e5 21.d3 
Bc5 22.Kb1 Kf7 23.Bc1 Nf6 24.h3 Bf8 25.g4 Bd7 26.Rdg1 Nh7 27.h4 1-0

[Event "Nordic Championship"]
[Site "Vaxjo"]
[Date "2017.06.27"]
[Round "2.28"]
[White "Ranby, Hans"]
[Black "Neretljak, Nedzad"]
[Result "0-1"]
[WhiteElo "1873"]
[BlackElo "2083"]

1.Nf3 e6 2.c4 f5 3.Nc3 Nf6 4.b3 b6 5.Bb2 Bb7 6.e3 d6 7.d4 Nbd7 8.Ng5 Qe7 
9.Nb5 O-O-O 10.Nxa7+ Kb8 11.Nb5 h6 12.Nf3 g5 13.a4 g4 14.Nd2 h5 15.a5 h4 
16.a6 Ba8 17.a7+ Kc8 18.Qb1 c6 19.Qa2 cxb5 20.cxb5 Re8 21.Rc1+ Kd8 22.Qa6 
Qf7 23.Rc8+ Ke7 24.Rxa8 Rxa8 25.Nc4 Ne4 26.Qb7 Bg7 27.Nxb6 Qe8 28.Bc4 Qd8 
29.Nxa8 Qxa8 30.Qa6 h3 31.b6 hxg2 32.Rg1 Nxb6 33.Qxb6 Qc8 34.Rxg2 d5 35.
Bd3 Ng5 36.Ba3+ Kf6 37.Bc5 Nf3+ 38.Ke2 Qe8 39.Qc7 Bf8 40.Bxf8 Rxf8 41.Qc5 
Rf7 42.Qd6 Rxa7 43.Qf4 Ra2+ 44.Kd1 Rd2+ 45.Kc1 Rxd3 46.Qh6+ Ke7 47.Qg7+ 
Kd6 48.Qb7 Qc6+ 49.Qxc6+ Kxc6 50.Kb2 Kb5 51.Ka3 Rd2 52.b4 Rd3+ 53.Kb2 Kxb4
0-1

[Event "Nordic Championship"]
[Site "Vaxjo"]
[Date "2017.06.27"]
[Round "2.29"]
[White "Nebrin, Johan"]
[Black "Emmoth, Alfons"]
[Result "0-1"]
[WhiteElo "1834"]
[BlackElo "2053"]

1.d4 Nf6 2.c4 e6 3.Nc3 Bb4 4.a3 Bxc3+ 5.bxc3 c5 6.f3 d5 7.cxd5 Nxd5 8.Qd3 
O-O 9.e4 Ne7 10.Nh3 Nbc6 11.Be3 Qa5 12.Be2 cxd4 13.Bxd4 Rd8 14.Qb5 Qxb5 
15.Bxb5 Nxd4 16.cxd4 Rxd4 17.O-O Bd7 18.Bxd7 Rxd7 19.Rfd1 Rad8 20.Nf2 Kf8 
21.Rxd7 Rxd7 22.Rd1 Ke8 23.Kf1 Rxd1+ 24.Nxd1 Kd7 25.Ke2 Kc6 26.Kd3 Ng6 27.
Kd4 e5+ 28.Kc4 b5+ 29.Kb4 Kb6 30.g3 Nf8 31.Nb2 Ne6 32.Nd3 f6 33.Kc3 Ng5 
34.Ne1 a5 35.h4 Ne6 36.Nc2 Kc5 37.Ne1 b4+ 38.axb4+ axb4+ 39.Kd3 Kb5 40.Kd2
Kc4 41.Nd3 Nc5 42.Nb2+ Kb3 43.Kc1 Kc3 44.h5 Nd3+ 45.Nxd3 Kxd3 0-1

[Event "Nordic Championship"]
[Site "Vaxjo"]
[Date "2017.06.27"]
[Round "2.30"]
[White "Fernandez, Juan Pablo"]
[Black "Svensson, Bengt"]
[Result "1/2-1/2"]
[WhiteElo "2045"]
[BlackElo "1784"]

1.c4 e5 2.g3 Nf6 3.Bg2 d6 4.Nc3 c5 5.Nf3 Nc6 6.O-O Be7 7.d3 O-O 8.Ne1 Bd7 
9.Bg5 a6 10.Bxf6 Bxf6 11.Nc2 Rb8 12.Nd5 b5 13.b3 Be7 14.Nce3 f5 15.f4 exf4
16.Nxe7+ Qxe7 17.Nd5 Qe8 18.gxf4 Ne7 19.Qc2 Nxd5 20.Bxd5+ Be6 21.Bg2 Qh5 
22.Rae1 Rbe8 23.e3 b4 24.Qf2 Rf6 25.Kh1 Rh6 26.Bf3 Qf7 27.Rg1 Rg6 28.Rg3 
Rxg3 29.hxg3 a5 30.Kg1 Kh8 31.e4 fxe4 32.dxe4 Bc8 33.e5 dxe5 34.fxe5 Rf8 
35.Re3 Bg4 36.Kg2 Qh5 37.e6 Qh3+ 38.Kg1 Bxe6 39.Bg2 Qf5 40.Qxf5 Bxf5 41.
Re5 Bb1 42.Rxc5 Bxa2 43.Rxa5 Bxb3 44.c5 Bc2 45.Rb5 b3 46.c6 g6 47.c7 Rc8 
48.Rb8 Bf5 49.Bb7 Rg8 50.Bd5 Rc8 51.Bb7 Rg8 52.Rxg8+ Kxg8 53.c8=Q+ Bxc8 
54.Bxc8 Kf7 55.Ba6 Kf6 56.Kf2 Kf5 57.Kf3 h5 58.Bd3+ Kg5 59.Bb1 h4 60.gxh4+
1/2-1/2

[Event "Nordic Championship"]
[Site "Vaxjo"]
[Date "2017.06.27"]
[Round "2.31"]
[White "Knoppel, Bjorn"]
[Black "Crevatin, Leo"]
[Result "0-1"]
[WhiteElo "1805"]
[BlackElo "2044"]

1.f4 d5 2.Nf3 Nf6 3.g3 g6 4.Bg2 Bg7 5.d3 O-O 6.O-O c5 7.c3 Nc6 8.Na3 b6 9.
Qc2 Bb7 10.e4 d4 11.Nc4 Nd7 12.a4 a6 13.e5 b5 14.axb5 axb5 15.Rxa8 Qxa8 
16.Ncd2 dxc3 17.bxc3 Nb6 18.Ne4 c4 19.Nc5 Rd8 20.Nxb7 Qxb7 21.Nd4 Nxd4 22.
cxd4 Qd7 23.Bb2 Nd5 24.Bxd5 Qxd5 25.dxc4 bxc4 26.Rc1 Rc8 27.Bc3 e6 28.Ra1 
Rd8 29.Ra4 Bf8 30.Qa2 Rb8 31.Qc2 Rb3 32.Ra1 Bb4 0-1

[Event "Nordic Championship"]
[Site "Vaxjo"]
[Date "2017.06.27"]
[Round "2.32"]
[White "Alquist, Erik"]
[Black "Lindvall, Per"]
[Result "1-0"]
[WhiteElo "2040"]
[BlackElo "1721"]

1.e4 e5 2.f4 d5 3.exd5 e4 4.d3 Nf6 5.dxe4 Nxe4 6.Nf3 Bc5 7.Bd3 Qe7 8.Bxe4 
Qxe4+ 9.Qe2 Bf5 10.Qxe4+ Bxe4 11.c4 O-O 12.Nc3 Re8 13.Kd1 Nd7 14.Bd2 Bd3 
15.b3 Nf6 16.Ne5 Bf5 17.a3 Bd4 18.Ra2 a6 19.Re1 Ng4 20.Nxg4 Bxg4+ 21.Kc1 
Bf5 22.Nd1 Kf8 23.Bb4+ Kg8 24.Rae2 Rxe2 25.Rxe2 h5 26.Bc3 Bg4 27.Re7 Bc5 
28.Rxc7 Bxa3+ 29.Kd2 Bd6 30.Rxb7 Bxf4+ 31.Ne3 Re8 32.Bd4 Bc8 33.Rb6 Bc7 
34.Rc6 Bxh2 35.d6 Bg1 36.Rc7 Bxe3+ 37.Bxe3 Rd8 38.c5 Be6 39.Kc3 Bd5 40.d7 
Kh7 41.g3 Kg6 42.c6 Be6 43.Rb7 Bd5 44.c7 Rxd7 45.Rb6+ Be6 46.c8=Q 1-0

[Event "Nordic Championship"]
[Site "Vaxjo"]
[Date "2017.06.27"]
[Round "2.33"]
[White "Ottosson, Bjorn"]
[Black "Karlsson, Ulf"]
[Result "0-1"]
[WhiteElo "1761"]
[BlackElo "2027"]

1.c4 e5 2.Nc3 Nc6 3.Nf3 Bb4 4.e4 Bxc3 5.bxc3 d6 6.d4 Bg4 7.Be2 Qd7 8.Be3 
Nge7 9.d5 Nd8 10.c5 O-O 11.Rb1 Ng6 12.h3 Bxf3 13.Bxf3 Nh4 14.Bg4 Nxg2+ 15.
Ke2 Nxe3 16.Kxe3 Qe7 17.cxd6 Qxd6 18.Qb3 b6 19.Qb4 Qf6 20.Rbd1 Nb7 21.Rhf1
Qf4+ 22.Ke2 Nc5 23.Bf3 Rad8 24.Rg1 Rd6 25.Rg4 Qf6 26.Rdg1 g6 27.h4 h6 28.
Qb2 Kh7 29.Qd2 Qe7 30.Qe3 Rg8 31.Bg2 Qd7 32.Bh3 Qb5+ 33.Kf3 Rf6+ 34.Kg3 
Qd3 35.Qxd3 Nxd3 36.Rf1 h5 37.Rg5 Re8 38.Bg2 Nf4 39.Bf3 Rd6 40.c4 f6 0-1

[Event "Nordic Championship"]
[Site "Vaxjo"]
[Date "2017.06.27"]
[Round "2.34"]
[White "Buchert, Vitus"]
[Black "Norlander, Svante"]
[Result "1-0"]
[WhiteElo "1970"]
[BlackElo "1576"]

1.e4 d5 2.exd5 Qxd5 3.Nf3 Bf5 4.Be2 Nf6 5.d4 e6 6.O-O Be7 7.c4 Qd7 8.Qb3 
Nc6 9.Be3 O-O 10.Nc3 a6 11.a3 h6 12.Rad1 Rfd8 13.d5 exd5 14.Nxd5 Qc8 15.
Rd2 Re8 16.Bf4 Ne4 17.Nxc7 Nxd2 18.Nxd2 Nd4 19.Qe3 Nc2 20.Qg3 Bg5 21.Nxe8 
Qxe8 22.Bxg5 hxg5 23.Bd3 Rd8 24.Bxf5 Rxd2 25.Qxg5 Re2 26.Bd3 Re5 27.Qh4 
Re1 28.Qh7+ Kf8 29.Qh8+ Ke7 30.Qxe8+ Kxe8 31.Rxe1+ Nxe1 32.Bb1 1-0

[Event "Nordic Championship"]
[Site "Vaxjo"]
[Date "2017.06.27"]
[Round "2.35"]
[White "Stolpe, Kjell"]
[Black "Green, Per"]
[Result "0-1"]
[WhiteElo "1622"]
[BlackElo "1965"]

1.d4 Nf6 2.Bf4 d5 3.e3 c5 4.Nd2 Qb6 5.Ngf3 Nc6 6.c4 cxd4 7.exd4 Bf5 8.Nb3 
dxc4 9.Bxc4 Qb4+ 10.Nfd2 Rd8 11.a3 Qb6 12.Nf3 e6 13.Qe2 Be7 14.Nh4 Be4 15.
Bg3 Bd5 16.Nf3 O-O 17.h4 Bxc4 18.Qxc4 Rd5 19.Rh3 Rfd8 0-1

[Event "Nordic Championship"]
[Site "Vaxjo"]
[Date "2017.06.27"]
[Round "2.36"]
[White "Nilsson, Mattias"]
[Black "Johansson, Robert"]
[Result "1-0"]
[WhiteElo "1947"]
[BlackElo "1397"]

1.e4 c6 2.d4 d5 3.e5 Bf5 4.Bd3 Bxd3 5.Qxd3 e6 6.Ne2 Nd7 7.O-O Ne7 8.b4 b6 
9.Nbc3 Nc8 10.Rb1 c5 11.bxc5 bxc5 12.Qg3 g6 13.Rd1 Bg7 14.f4 Ne7 15.Qf2 
Nf5 16.dxc5 Bf8 17.c6 Bc5 18.cxd7+ 1-0

[Event "Nordic Championship"]
[Site "Vaxjo"]
[Date "2017.06.27"]
[Round "3.1"]
[White "Grandelius, Nils"]
[Black "Nielsen, Rogvi Egilstoft"]
[Result "1-0"]
[WhiteElo "2655"]
[BlackElo "2353"]

1.c4 f5 2.g3 Nf6 3.Bg2 e6 4.b3 Be7 5.Bb2 O-O 6.Nh3 d6 7.d4 Qe8 8.O-O Ng4 
9.Qd2 Bf6 10.f3 Nh6 11.Nc3 c6 12.Ba3 Nf7 13.f4 Qd8 14.Rad1 Qb6 15.Kh1 Rd8 
16.e4 Qa5 17.Bb2 fxe4 18.Nxe4 Qxd2 19.Nxf6+ gxf6 20.Rxd2 d5 21.f5 dxc4 22.
fxe6 Bxe6 23.Rxf6 Bd5 24.Bxd5 cxd5 25.Rdf2 Nd6 26.R2f4 Ne4 27.Rg4+ Kh8 28.
Ng5 Nxg5 29.Rxg5 cxb3 30.axb3 Nc6 31.Rf7 Re8 32.Rh5 Re1+ 33.Kg2 Rae8 34.
Rhxh7+ 1-0

[Event "Nordic Championship"]
[Site "Vaxjo"]
[Date "2017.06.27"]
[Round "3.2"]
[White "Kenneskog, Theodor"]
[Black "Hjartarson, Johann"]
[Result "0-1"]
[WhiteElo "2318"]
[BlackElo "2541"]

1.d4 Nf6 2.c4 g6 3.Nc3 Bg7 4.e4 d6 5.f3 O-O 6.Nge2 c5 7.d5 e6 8.Ng3 exd5 
9.cxd5 a6 10.a4 Nbd7 11.Be2 h5 12.Bg5 Qe8 13.O-O Nh7 14.Be3 f5 15.Qd2 Rb8 
16.Rae1 Qf7 17.exf5 gxf5 18.f4 Ndf6 19.h3 Bd7 20.Bd3 Qg6 21.Bf2 h4 22.Nh1 
b5 23.axb5 axb5 24.Bxh4 c4 25.Bb1 Qf7 26.Ng3 b4 27.Na2 Nxd5 28.Rd1 Rb5 29.
Rfe1 c3 30.bxc3 bxc3 31.Qc1 Rb2 32.Re2 Rfb8 33.Bd3 Ba4 34.Rde1 Qa7+ 35.Kh2
Qd4 36.Bxf5 Nxf4 37.Rxb2 Rxb2 38.Be4 Be5 39.Nxc3 Qxc3 40.Qxc3 Bxc3 41.Rc1 
Be5 42.Kh1 Nf8 43.Nf5 Bd7 44.Ne7+ Kf7 45.Rf1 Bb5 46.Rf3 Ke8 47.Re3 Bf1 48.
Bc6+ Nd7 49.Bg5 Bxg2+ 50.Bxg2 Nxg2 51.Rf3 Ne1 52.Rf1 Nd3 53.h4 Nf2+ 0-1

[Event "Nordic Championship"]
[Site "Vaxjo"]
[Date "2017.06.27"]
[Round "3.3"]
[White "Rasmussen, Allan Stig"]
[Black "Lind, Jan-Olov"]
[Result "1-0"]
[WhiteElo "2540"]
[BlackElo "2222"]

1.d4 d5 2.c4 c6 3.Nf3 Nf6 4.Nbd2 g6 5.e3 Bg7 6.Be2 O-O 7.O-O Nbd7 8.a4 Qc7
9.b4 e5 10.Ba3 exd4 11.Nxd4 Re8 12.Rc1 Bf8 13.cxd5 Nxd5 14.Qb3 Qd8 15.Bf3 
N7f6 16.b5 Bxa3 17.Qxa3 cxb5 18.Nxb5 Bg4 19.Bxg4 Nxg4 20.Nc4 Qh4 21.h3 
Ngf6 22.Rfd1 Qh6 23.Nbd6 Re7 24.Qc5 Rc7 25.Qd4 Qg7 26.Ne5 Re7 27.Rc8+ Rxc8
28.Nxc8 Re8 29.Nxa7 Qf8 30.Nb5 Ra8 31.g3 Qb4 32.Qxb4 Nxb4 33.Rd6 Kg7 34.
Rb6 Re8 35.Nxf7 Re7 36.Nfd6 Nfd5 37.Rxb7 Rxb7 38.Nxb7 Kf6 39.e4 Nb6 40.Nc5
Ke5 41.f4+ 1-0

[Event "Nordic Championship"]
[Site "Vaxjo"]
[Date "2017.06.27"]
[Round "3.4"]
[White "Kjartansson, Gudmundur"]
[Black "Krantz, Christopher"]
[Result "1-0"]
[WhiteElo "2464"]
[BlackElo "2200"]

1.c4 Nf6 2.g3 e6 3.Bg2 d5 4.Nf3 dxc4 5.O-O Nbd7 6.Qa4 a6 7.Qxc4 b5 8.Qc2 
Bb7 9.d3 Be7 10.b3 O-O 11.Bb2 c5 12.Nbd2 Qb6 13.Rac1 Rac8 14.Qb1 Rfd8 15.
Qa1 h6 16.Rc2 Qa7 17.Rfc1 Qa8 18.Bf1 Ne8 19.Ne5 Nxe5 20.Bxe5 Qa7 21.e4 Bf6
22.Be2 Qb6 23.h4 Bxe5 24.Qxe5 Nf6 25.Qf4 Nd7 26.Qe3 Qd6 27.f4 f5 28.Bf3 e5
29.exf5 Bxf3 30.Nxf3 Re8 31.b4 exf4 32.Qxf4 Qxf4 33.gxf4 Re3 34.Kf2 Rxd3 
35.bxc5 Rd5 36.c6 Nb6 37.Ne5 Rc7 38.Ke3 Kf8 39.Ke4 Rd6 40.Rg1 Nc4 41.Rg6 
Rxg6 42.fxg6 Nb6 43.Kd4 Ke7 44.Kc5 Nc8 45.Rd2 Ra7 46.Rd7+ Rxd7 47.cxd7 Na7
48.Kb6 b4 49.Kxa7 1-0

[Event "Nordic Championship"]
[Site "Vaxjo"]
[Date "2017.06.27"]
[Round "3.5"]
[White "Schneider, Stefan"]
[Black "Nygren, Kim"]
[Result "1-0"]
[WhiteElo "2360"]
[BlackElo "2184"]

1.d4 Nf6 2.Nf3 g6 3.Bg5 Bg7 4.Nbd2 d5 5.e3 O-O 6.Be2 b6 7.O-O Bb7 8.c3 
Nbd7 9.a4 h6 10.Bf4 Nh5 11.Be5 f6 12.Bg3 Nxg3 13.hxg3 f5 14.a5 a6 15.axb6 
cxb6 16.c4 dxc4 17.Bxc4+ Kh7 18.Be6 Nf6 19.Nc4 Ng4 20.Qb3 b5 21.Na5 Be4 
22.Nd2 Nf6 23.Nxe4 Nxe4 24.Rfc1 Rf6 25.Bd5 Nd2 26.Qa2 Rc8 27.Nb7 Rxc1+ 28.
Rxc1 Qe8 29.Be6 Nc4 30.Nc5 g5 31.Bxc4 bxc4 32.Qxc4 f4 33.Qd3+ Kh8 34.Nxa6 
fxg3 35.fxg3 h5 36.Nc7 Qd7 37.Qe4 Rb6 38.Nd5 Rxb2 39.Nxe7 Rb8 40.Ng6+ Kg8 
41.Ne7+ Kh8 42.Ra1 Qc7 43.Ng6+ Kg8 44.Ne7+ Kh8 45.Nf5 Bf6 46.Qe6 Rf8 47.
Rf1 Qh7 48.Nd6 h4 49.gxh4 Qxh4 50.Nf7+ Rxf7 51.Qxf7 Bg7 52.Qf2 Qh6 53.Rb1 
Qd6 54.Qf5 1-0

[Event "Nordic Championship"]
[Site "Vaxjo"]
[Date "2017.06.27"]
[Round "3.6"]
[White "Kucuksari, Kaan"]
[Black "Blomqvist, Erik"]
[Result "0-1"]
[WhiteElo "2299"]
[BlackElo "2554"]

1.d4 d5 2.Nf3 Nf6 3.c4 e6 4.g3 Bb4+ 5.Bd2 Be7 6.Bg2 O-O 7.O-O c6 8.Qc2 a5 
9.b3 b6 10.Bf4 Nbd7 11.Nbd2 Ba6 12.e4 Rc8 13.e5 Ne8 14.Rfd1 Nc7 15.Rac1 c5
16.Qb2 b5 17.a4 bxc4 18.bxc4 Rb8 19.Qa2 Rb4 20.Bf1 Qa8 21.Ne1 cxd4 22.Nc2 
g5 23.Nxb4 axb4 24.Nf3 gxf4 25.Rxd4 Rb8 26.Rxf4 Nf8 27.h4 Ng6 28.Rd4 dxc4 
29.Bg2 b3 30.Qb1 b2 31.Rc2 Bb7 32.Rxb2 Ba3 33.Rxb7 Rxb7 34.Qd1 Nd5 35.Ng5 
c3 36.Bxd5 exd5 37.Rxd5 Be7 38.Ne4 Rc7 39.Nf6+ Bxf6 40.exf6 Rc8 41.Qc1 c2 
42.Rd2 Qxa4 43.h5 Ne5 44.Re2 Qg4 0-1

[Event "Nordic Championship"]
[Site "Vaxjo"]
[Date "2017.06.27"]
[Round "3.7"]
[White "Ziska, Helgi Dam"]
[Black "Ernst, Thomas"]
[Result "1-0"]
[WhiteElo "2544"]
[BlackElo "2381"]

1.e4 c5 2.Nf3 d6 3.Bb5+ Bd7 4.Bxd7+ Qxd7 5.O-O Nc6 6.Re1 Nf6 7.c3 e6 8.d4 
cxd4 9.cxd4 d5 10.e5 Ne4 11.a3 Be7 12.Nbd2 Nxd2 13.Bxd2 O-O 14.Rc1 f5 15.
exf6 Bxf6 16.Bc3 Rfe8 17.Rc2 b5 18.Qd3 Rab8 19.Bd2 e5 20.dxe5 Nxe5 21.Nxe5
Bxe5 22.g3 d4 23.Rc5 Bf6 24.Rec1 a6 25.Rc7 Qd5 26.R1c6 Qe4 27.Qxe4 Rxe4 
28.Kf1 d3 29.Rd7 Bxb2 30.Rxd3 Ra4 31.Bb4 a5 32.Bd6 Rb7 33.Ra6 Bf6 34.h4 h6
35.h5 Kf7 36.Kg2 Rd7 37.Rb3 Rb7 38.Rf3 Kg8 39.Ra8+ Kh7 40.Re3 Rd4 41.Ree8 
g6 42.Re6 Kg7 43.hxg6 b4 44.Rxa5 Rxd6 45.Rxd6 bxa3 46.Rda6 Bb2 47.f4 Rc7 
48.f5 1-0

[Event "Nordic Championship"]
[Site "Vaxjo"]
[Date "2017.06.27"]
[Round "3.8"]
[White "Vernersson, Per"]
[Black "Smith, Axel"]
[Result "0-1"]
[WhiteElo "2290"]
[BlackElo "2505"]

1.d4 Nf6 2.c4 c5 3.d5 b5 4.cxb5 a6 5.bxa6 g6 6.Nc3 Bg7 7.e4 O-O 8.Nf3 Qa5 
9.Bd2 Bxa6 10.Bxa6 Qxa6 11.Qe2 e6 12.Qxa6 Nxa6 13.O-O exd5 14.exd5 Nb4 15.
Be3 d6 16.Rfd1 Nc2 17.Rab1 Nxe3 18.fxe3 Ng4 19.e4 Bxc3 20.bxc3 Rxa2 21.h3 
Nf6 22.e5 dxe5 23.Nxe5 Re8 24.Nf3 Rc2 25.d6 Rxc3 26.Rb7 Rce3 27.Rc7 Rd8 
28.Rxc5 Re6 29.d7 Rxd7 30.Rxd7 Nxd7 31.Rc7 Rd6 32.Kf2 Rd5 33.Rc4 Nf6 34.g4
h6 35.Rd4 Ra5 36.Kg3 Kg7 37.h4 Ra3 38.Kf2 h5 39.g5 Ng4+ 40.Kg2 Ne3+ 41.Kf2
Nf5 42.Re4 Ra2+ 43.Kg1 Kf8 44.Ne5 Ra7 45.Nf3 Re7 46.Rxe7 Kxe7 47.Kg2 Kd6 
48.Kh3 Kd5 49.Nd2 Ke5 50.Nb3 Nd4 51.Nc5 Ne6 52.Nb7 Kf4 53.Nd6 Kf3 54.Nxf7 
Nf4+ 55.Kh2 Kg4 56.Kg1 Kxh4 57.Kf2 Kg4 0-1

[Event "Nordic Championship"]
[Site "Vaxjo"]
[Date "2017.06.27"]
[Round "3.9"]
[White "Westerberg, Jonathan"]
[Black "Dragicevic, Drazen"]
[Result "1-0"]
[WhiteElo "2468"]
[BlackElo "2306"]

1.e4 c5 2.Nf3 d6 3.d4 cxd4 4.Nxd4 Nf6 5.f3 e5 6.Nb3 Be6 7.c4 Be7 8.Be3 O-O
9.Nc3 Ne8 10.Qd2 f5 11.exf5 Rxf5 12.Be2 Bg5 13.O-O Bxe3+ 14.Qxe3 Nc6 15.
Rad1 Qb6 16.c5 dxc5 17.Na4 Qb4 18.Naxc5 Bf7 19.Rd7 b6 20.Bd3 Rh5 21.Be4 
bxc5 22.Bxc6 Rc8 23.Bd5 Bxd5 24.Rxd5 c4 25.Rxe5 Rxe5 26.Qxe5 Qb6+ 27.Nd4 
Nf6 28.Qe6+ Qxe6 29.Nxe6 c3 30.bxc3 Rxc3 31.Rb1 Kf7 32.Nf4 Rc7 33.h4 Ke7 
34.Kh2 Kd6 35.Rb5 Rc4 36.Kg3 Ra4 37.Rb2 Ke5 38.Re2+ Kf5 39.Ne6 Kg6 40.Kh3 
Nd5 41.Rd2 Nf6 42.Rb2 Ra6 43.Nf4+ Kf5 44.g3 Ke5 45.Rb7 g6 46.Re7+ Kd4 47.
g4 Rxa2 48.g5 Ra6 49.gxf6 Rxf6 50.Kg3 a5 51.Ra7 Rf5 52.Rxh7 Kc3 53.Nxg6 
Rf6 54.h5 Ra6 55.Rg7 1-0

[Event "Nordic Championship"]
[Site "Vaxjo"]
[Date "2017.06.27"]
[Round "3.10"]
[White "Seo, Jung Min"]
[Black "Thybo, Jesper Sondergaard"]
[Result "0-1"]
[WhiteElo "2276"]
[BlackElo "2465"]

1.c4 c5 2.Nc3 Nc6 3.g3 g6 4.Bg2 Bg7 5.Nf3 d6 6.d3 Nf6 7.Bd2 O-O 8.O-O a6 
9.a3 Rb8 10.Rb1 b5 11.cxb5 axb5 12.b4 cxb4 13.axb4 e5 14.Ne4 d5 15.Nc5 Qe7
16.e3 e4 17.dxe4 Nxe4 18.Rc1 Nxd2 19.Qxd2 Rd8 20.Nd4 Nxd4 21.exd4 Qf6 22.
Rcd1 Bg4 23.f3 Bf5 24.Kh1 h5 25.h4 Re8 26.Qa2 g5 27.hxg5 Qxg5 28.Qxd5 Rbd8
29.f4 Qg6 30.Qf3 Bg4 31.Qf2 Bxd1 32.Rxd1 Qg4 33.Rd2 h4 34.Kh2 Rxd4 35.Rxd4
Bxd4 36.Qf3 hxg3+ 37.Qxg3 Bg1+ 38.Kxg1 Qxg3 0-1

[Event "Nordic Championship"]
[Site "Vaxjo"]
[Date "2017.06.27"]
[Round "3.11"]
[White "Wengholm, Anders"]
[Black "Johansson, Linus"]
[Result "0-1"]
[WhiteElo "2209"]
[BlackElo "2448"]

1.Nf3 Nf6 2.g3 b6 3.Bg2 Bb7 4.O-O g6 5.d3 Bg7 6.e4 O-O 7.Nbd2 c5 8.Re1 Nc6
9.c3 d6 10.a3 Nd7 11.Nf1 b5 12.Be3 a5 13.Qd2 Re8 14.Bh6 Bh8 15.a4 b4 16.
Ne3 bxc3 17.bxc3 Rb8 18.h4 Ba6 19.Reb1 e6 20.h5 Qf6 21.d4 Rxb1+ 22.Rxb1 
gxh5 23.Bg5 Qg6 24.d5 exd5 25.Nxd5 Rxe4 26.Nh4 Rxh4 27.Re1 Rxa4 28.Re8+ 
Kg7 29.Bh6+ Qxh6 30.Rg8+ Kxg8 31.Qxh6 Nde5 32.Qxd6 Ng4 33.Ne3 Ra1+ 34.Nf1 
Bxf1 35.Bxf1 Nce5 36.Qd8+ Kg7 37.Qg5+ Kf8 38.Qd8+ Kg7 39.Qg5+ Ng6 40.Qxh5 
Nf6 41.Qxc5 Rd1 42.Qxa5 Ne4 43.Qa4 Nxc3 44.Qc4 Kg8 45.Kg2 Bf6 46.f4 Nd5 
47.Kf3 Rd4 48.Qc5 Kg7 49.Ba6 h5 50.Bb7 Nge7 51.Ba6 h4 52.gxh4 Rxf4+ 53.Ke2
Nc3+ 54.Kd3 Rxh4 55.Bb7 Ng6 56.Bc8 Rd4+ 57.Kc2 Rd2+ 58.Kb3 Rb2+ 0-1

[Event "Nordic Championship"]
[Site "Vaxjo"]
[Date "2017.06.27"]
[Round "3.12"]
[White "Brynell, Stellan"]
[Black "Keinanen, Toivo"]
[Result "1/2-1/2"]
[WhiteElo "2434"]
[BlackElo "2287"]

1.d4 d5 2.c4 e6 3.Nc3 Be7 4.cxd5 exd5 5.Bf4 c6 6.e3 Bf5 7.Nge2 Nd7 8.Rc1 
Ngf6 9.Ng3 Bg6 10.h4 h5 11.Be2 Nf8 12.Be5 N8d7 13.Bf4 Nf8 14.Bg5 N6d7 15.
Bxe7 Qxe7 16.Qb3 Nf6 17.Qa3 Qxa3 18.bxa3 N8d7 19.Kd2 Ke7 20.a4 Ne8 21.a5 
Nd6 22.Na4 b5 23.Nb2 Nc4+ 24.Nxc4 bxc4 25.e4 Nf6 26.f3 Rab8 27.Rb1 dxe4 
28.fxe4 Bxe4 29.Nxe4 Nxe4+ 30.Ke3 Ng3 31.Rhe1 Nxe2 32.Kxe2 Kd6 33.Kd2 Rhe8
34.Kc3 Rxb1 35.Rxb1 Kd5 36.Rb7 Re3+ 37.Kb4 c3 38.Kb3 Kxd4 39.Rd7+ Kc5 40.
Rxa7 c2+ 41.Kxc2 Re2+ 42.Kb3 Re3+ 1/2-1/2

[Event "Nordic Championship"]
[Site "Vaxjo"]
[Date "2017.06.27"]
[Round "3.13"]
[White "Hansen, Mads"]
[Black "Pettersson, Anders"]
[Result "1-0"]
[WhiteElo "2414"]
[BlackElo "2057"]

1.e4 e5 2.Nf3 Nc6 3.Bb5 a6 4.Ba4 Nf6 5.O-O b5 6.Bb3 Bc5 7.a4 Rb8 8.axb5 
axb5 9.Nxe5 Nxe5 10.d4 Bxd4 11.Qxd4 d6 12.f4 Nc6 13.Qc3 Bb7 14.e5 Ne4 15.
Qe3 Ne7 16.Nc3 Nxc3 17.bxc3 O-O 18.Ba3 Re8 19.Rad1 Qc8 20.e6 f5 21.Bb2 Kh8
22.Qg3 Ng6 23.h4 c5 24.c4 bxc4 25.Qc3 Re7 26.Bxc4 Nxh4 27.Rxd6 Qe8 28.Rfd1
Qg6 29.Rd8+ Re8 30.Qxg7+ Qxg7 31.Rxe8+ Rxe8 32.Bxg7+ Kxg7 33.Rd7+ Kf6 34.
Rf7+ Kg6 35.Rxb7 h6 36.Kf2 1-0

[Event "Nordic Championship"]
[Site "Vaxjo"]
[Date "2017.06.27"]
[Round "3.14"]
[White "Lindgren, Philip"]
[Black "Malm Lindberg, Henrik"]
[Result "1/2-1/2"]
[WhiteElo "2420"]
[BlackElo "2214"]

1.d4 Nf6 2.c4 e6 3.g3 d5 4.Nf3 Be7 5.Bg2 O-O 6.O-O dxc4 7.Qc2 a6 8.a4 Bd7 
9.Qxc4 Bc6 10.Bf4 a5 11.Nc3 Na6 12.Rac1 Nb4 13.Ne5 Bxg2 14.Kxg2 c6 15.e4 
Qb6 16.Rfd1 Rfd8 17.h3 Nd7 18.Nf3 Nf6 19.Qe2 Qa6 20.Qxa6 Rxa6 21.Ne5 Bd6 
22.Bg5 h6 23.Be3 Raa8 24.Nc4 Bc7 25.f4 h5 26.Kf3 Kf8 27.b3 Ke7 28.Rd2 Rh8 
29.Re1 Rac8 30.Bf2 Rhd8 31.Ree2 Rd7 32.Be3 Rdd8 33.g4 hxg4+ 34.hxg4 Rh8 
35.g5 Nd7 36.d5 Rh3+ 37.Kg2 Rxe3 38.Rxe3 cxd5 39.exd5 Bxf4 40.d6+ Ke8 41.
Rh3 Bxd2 42.Rh8+ Nf8 43.Ne5 Rxc3 44.d7+ Ke7 45.Rxf8 Nc6 46.Rxf7+ Kd8 47.
Rf8+ Ke7 48.Rf7+ Kd8 49.Rf8+ Ke7 50.Rf7+ 1/2-1/2

[Event "Nordic Championship"]
[Site "Vaxjo"]
[Date "2017.06.27"]
[Round "3.15"]
[White "Lokander, Martin"]
[Black "Rishovd, Svein"]
[Result "1-0"]
[WhiteElo "2329"]
[BlackElo "2092"]

1.e4 e6 2.d4 d5 3.Nd2 c5 4.exd5 Qxd5 5.dxc5 Nf6 6.Ngf3 Qxc5 7.Bd3 Be7 8.
O-O Nbd7 9.Qe2 O-O 10.Ne4 Nxe4 11.Qxe4 Nf6 12.Qh4 Qh5 13.Qxh5 Nxh5 14.Be3 
Nf6 15.c4 Rd8 16.Be2 b6 17.Ne5 Bb7 18.f3 Nd7 19.Nd3 Rac8 20.Rac1 Nc5 21.
Rfd1 f6 22.Kf2 Kf7 23.Nxc5 Bxc5 24.g3 Ke7 25.f4 h6 26.h4 g5 27.Bxc5+ bxc5 
28.hxg5 hxg5 29.fxg5 fxg5 30.Rxd8 Rxd8 31.Ke3 Rd7 32.Rc3 Kf6 33.Ra3 a6 34.
Rb3 Ke5 35.Rb6 Rf7 36.Bg4 Re7 37.a3 Kf6 38.b4 cxb4 39.axb4 Ke5 40.Bxe6 
Rxe6 41.Rxb7 Kf5+ 42.Kd4 Re4+ 43.Kd5 Re5+ 44.Kd6 Re6+ 45.Kd7 Re3 46.c5 
Rxg3 47.c6 Rd3+ 48.Kc8 Ke6 49.c7 Rc3 50.Kb8 Kd6 51.c8=Q Rxc8+ 52.Kxc8 Kc6 
53.Kb8 Kd5 54.Ka7 1-0

[Event "Nordic Championship"]
[Site "Vaxjo"]
[Date "2017.06.27"]
[Round "3.16"]
[White "Thornblad, Erik"]
[Black "Rostgaard, Tobias Valentin"]
[Result "0-1"]
[WhiteElo "2107"]
[BlackElo "2327"]

1.e4 c5 2.Nf3 g6 3.c4 Bg7 4.d4 Qb6 5.dxc5 Qxc5 6.Bd3 Nc6 7.O-O d6 8.h3 Be6
9.Qe2 Nb4 10.Na3 Nxd3 11.Qxd3 Rc8 12.Be3 Qb4 13.Bd4 Bxd4 14.Qxd4 Nf6 15.
Rac1 O-O 16.Nd2 a6 17.Nc2 Qa5 18.Ne3 Qc5 19.Qd3 b5 20.b3 Nd7 21.Nd5 Bxd5 
22.exd5 Ne5 23.Qe2 Rfe8 24.Kh2 bxc4 25.bxc4 Qd4 26.f4 Nd3 27.Rcd1 Nb2 28.
Rc1 Qd3 29.Qxd3 Nxd3 30.Rb1 Rb8 31.Kg3 Nb2 32.Rf3 Na4 33.Rfb3 Rbc8 34.Kf3 
Kg7 35.g4 h6 36.Ke3 e6 37.dxe6 Rxe6+ 38.Kf3 Rce8 39.Rd3 Nc5 40.Rc3 Re2 41.
Nb3 Ne4 42.Rd3 Rh2 43.Rd4 Rxh3+ 44.Kg2 Rg3+ 45.Kh2 Rxg4 46.Rf1 Nf6 47.Nc1 
Re3 48.Rd3 Re4 49.Rxd6 Rxc4 50.Rxa6 Rc2+ 51.Kh3 Rc3+ 52.Kh2 Rcg3 53.f5 Ne4
54.f6+ Kh7 55.Ra7 Rh4# 0-1